000 00202 a2200097 4500
001 15423
100 _aAdams, C.C
245 _aSpace flight
260 _aNew York
_bMcGraw-Hil
_c
090 _c12048
_d12048
942 _aNUST-CAE
_cM
_c2279
999 _c250496
_d250496